<?xml version="1.0" encoding="UTF-8"?>
<record
    xmlns:xsi="http://www.w3.org/2001/XMLSchema-instance"
    xsi:schemaLocation="http://www.loc.gov/MARC21/slim http://www.loc.gov/standards/marcxml/schema/MARC21slim.xsd"
    xmlns="http://www.loc.gov/MARC21/slim">

  <leader>00933nam a22002297a 4500</leader>
  <datafield tag="999" ind1=" " ind2=" ">
    <subfield code="c">6874</subfield>
    <subfield code="d">6874</subfield>
  </datafield>
  <controlfield tag="003">GBCCL</controlfield>
  <controlfield tag="005">20241126110614.0</controlfield>
  <controlfield tag="008">180702b           ||||| |||| 00| 0 eng d</controlfield>
  <datafield tag="020" ind1=" " ind2=" ">
    <subfield code="a">0890860548 </subfield>
  </datafield>
  <datafield tag="020" ind1=" " ind2=" ">
    <subfield code="a">9780890860540</subfield>
  </datafield>
  <datafield tag="040" ind1=" " ind2=" ">
    <subfield code="c">GBC</subfield>
  </datafield>
  <datafield tag="082" ind1=" " ind2=" ">
    <subfield code="a">225.48</subfield>
    <subfield code="b">ALF</subfield>
  </datafield>
  <datafield tag="100" ind1=" " ind2=" ">
    <subfield code="a">Alford, Henry</subfield>
    <subfield code="9">12291</subfield>
  </datafield>
  <datafield tag="245" ind1=" " ind2=" ">
    <subfield code="a">Alford's Greek Testament : </subfield>
    <subfield code="b">an exegetical and critical commentary/</subfield>
    <subfield code="c">Henry Alford</subfield>
  </datafield>
  <datafield tag="260" ind1=" " ind2=" ">
    <subfield code="a">Grand Rapids : </subfield>
    <subfield code="b">Guardian Press, </subfield>
    <subfield code="c">1976, 1874.</subfield>
  </datafield>
  <datafield tag="300" ind1=" " ind2=" ">
    <subfield code="a">4 volumes in 6 ; 21 cm</subfield>
  </datafield>
  <datafield tag="505" ind1=" " ind2=" ">
    <subfield code="a">vol. I, pt. 1. Prolegomena &amp; Matthew-Mark; pt. 2. Luke-John.--vol. II. Acts-II Corinthians.--vol. III. Galatians-Philemon.--vol. IV, pt. 1. Prolegomena &amp; Hebrews; pt. 2. James-Revelation.</subfield>
  </datafield>
  <datafield tag="505" ind1=" " ind2=" ">
    <subfield code="a">Original title: The Greek New Testament.
Issued in six bindings in a slipcase.</subfield>
  </datafield>
  <datafield tag="650" ind1=" " ind2=" ">
    <subfield code="a">Bible. -- New Testament -- Commentaries. </subfield>
    <subfield code="9">11414</subfield>
  </datafield>
  <datafield tag="650" ind1=" " ind2=" ">
    <subfield code="a">Bible. -- New Testament.</subfield>
    <subfield code="9">10931</subfield>
  </datafield>
  <datafield tag="942" ind1=" " ind2=" ">
    <subfield code="2">ddc</subfield>
    <subfield code="c">REF</subfield>
  </datafield>
  <datafield tag="952" ind1=" " ind2=" ">
    <subfield code="0">0</subfield>
    <subfield code="1">0</subfield>
    <subfield code="2">ddc</subfield>
    <subfield code="4">0</subfield>
    <subfield code="7">0</subfield>
    <subfield code="a">GBC</subfield>
    <subfield code="b">GBC</subfield>
    <subfield code="c">LAN</subfield>
    <subfield code="d">2018-07-02</subfield>
    <subfield code="l">0</subfield>
    <subfield code="o">225.48 ALF</subfield>
    <subfield code="p">004079</subfield>
    <subfield code="r">2025-05-01 00:00:00</subfield>
    <subfield code="t">v.1 </subfield>
    <subfield code="w">2018-07-02</subfield>
    <subfield code="y">LAN</subfield>
  </datafield>
  <datafield tag="952" ind1=" " ind2=" ">
    <subfield code="0">0</subfield>
    <subfield code="1">0</subfield>
    <subfield code="2">ddc</subfield>
    <subfield code="4">0</subfield>
    <subfield code="7">0</subfield>
    <subfield code="a">GBC</subfield>
    <subfield code="b">GBC</subfield>
    <subfield code="c">LAN</subfield>
    <subfield code="d">2018-07-02</subfield>
    <subfield code="l">0</subfield>
    <subfield code="o">225.48 ALF</subfield>
    <subfield code="p">004080</subfield>
    <subfield code="r">2025-05-01 00:00:00</subfield>
    <subfield code="t">v.1 c.2</subfield>
    <subfield code="w">2018-07-02</subfield>
    <subfield code="y">LAN</subfield>
  </datafield>
  <datafield tag="952" ind1=" " ind2=" ">
    <subfield code="0">0</subfield>
    <subfield code="1">0</subfield>
    <subfield code="2">ddc</subfield>
    <subfield code="4">0</subfield>
    <subfield code="7">0</subfield>
    <subfield code="a">GBC</subfield>
    <subfield code="b">GBC</subfield>
    <subfield code="c">LAN</subfield>
    <subfield code="d">2018-07-02</subfield>
    <subfield code="l">0</subfield>
    <subfield code="o">225.48 ALF</subfield>
    <subfield code="p">004081</subfield>
    <subfield code="r">2025-05-01 00:00:00</subfield>
    <subfield code="t">v.2</subfield>
    <subfield code="w">2018-07-02</subfield>
    <subfield code="y">LAN</subfield>
  </datafield>
  <datafield tag="952" ind1=" " ind2=" ">
    <subfield code="0">0</subfield>
    <subfield code="1">0</subfield>
    <subfield code="2">ddc</subfield>
    <subfield code="4">0</subfield>
    <subfield code="7">0</subfield>
    <subfield code="a">GBC</subfield>
    <subfield code="b">GBC</subfield>
    <subfield code="c">LAN</subfield>
    <subfield code="d">2018-07-02</subfield>
    <subfield code="l">0</subfield>
    <subfield code="o">225.48 ALF</subfield>
    <subfield code="p">004082</subfield>
    <subfield code="r">2025-05-01 00:00:00</subfield>
    <subfield code="t">v.3</subfield>
    <subfield code="w">2018-07-02</subfield>
    <subfield code="y">LAN</subfield>
  </datafield>
  <datafield tag="952" ind1=" " ind2=" ">
    <subfield code="0">0</subfield>
    <subfield code="1">0</subfield>
    <subfield code="2">ddc</subfield>
    <subfield code="4">0</subfield>
    <subfield code="7">0</subfield>
    <subfield code="a">GBC</subfield>
    <subfield code="b">GBC</subfield>
    <subfield code="c">LAN</subfield>
    <subfield code="d">2018-07-02</subfield>
    <subfield code="l">0</subfield>
    <subfield code="o">225.48 ALF</subfield>
    <subfield code="p">004083</subfield>
    <subfield code="r">2025-05-01 00:00:00</subfield>
    <subfield code="t">v.4</subfield>
    <subfield code="w">2018-07-02</subfield>
    <subfield code="y">LAN</subfield>
  </datafield>
  <datafield tag="952" ind1=" " ind2=" ">
    <subfield code="0">0</subfield>
    <subfield code="1">0</subfield>
    <subfield code="2">ddc</subfield>
    <subfield code="4">0</subfield>
    <subfield code="7">0</subfield>
    <subfield code="a">GBC</subfield>
    <subfield code="b">GBC</subfield>
    <subfield code="c">LAN</subfield>
    <subfield code="d">2018-07-02</subfield>
    <subfield code="l">0</subfield>
    <subfield code="o">225.48 ALF</subfield>
    <subfield code="p">004084</subfield>
    <subfield code="r">2025-05-01 00:00:00</subfield>
    <subfield code="t">v.4 v.2</subfield>
    <subfield code="w">2018-07-02</subfield>
    <subfield code="y">LAN</subfield>
  </datafield>
</record>
